000 00595nam a2200193Ia 4500
008 140626s9999 xx 000 0 und d
100 _aPeer, Justin.
245 4 _aThe Mediating impact of coping style on stress perception for parents of individuals with intellectual disabilities /
_cJustin Peer ... [et al.].
260 _cc2012.
300 _a16 : 1, page 45
440 _aJournal of Intellectual Disabilities
521 _aSPED
650 _aCoping.
650 _aIntellectual disabilities.
650 _aMediation.
650 _aParenting.
650 _aStress.
942 _cSE
999 _c120939
_d120939